000
00377nam a2200181Ia 4500
003
0100
008
130227s9999 xx 000 0 und d
040
_c
ARRUPELIB
050
_a
JC571.W425
100
_a
White, Alan R.
245
_a
Rights
260
_a
Oxford
260
_b
Clarendon Press
260
_C
1984
300
_a
186p.
300
_b
23 cm
942
_2
lcc
_0
3
999
_c
3652
_d
3652